| 000 | 00425nam a2200181Ia 4500 | ||
|---|---|---|---|
| 008 | 210210b1922 xxu||||| |||| 00| 0 eng d | ||
| 041 | _aeng | ||
| 082 | _a829/110 | ||
| 100 | _aBUCHAN (John) | ||
| 245 | _aAdventures of Dickson Mccunn | ||
| 260 |
_aLondon _bHodder & Stoughton _c1922 |
||
| 650 | _aof | ||
| 650 | _aMccunn | ||
| 650 | _aDickson | ||
| 650 | _aAdventures | ||
| 690 | _aEnglish Fiction | ||
| 906 | _a016720 | ||
| 999 |
_c136385 _d136385 |
||